Arsenal Arsene Wenger's 2013 summer FAILED transfer targets! - Football - Statistics

General Stats
  • This quiz has been taken 424 times
  • The average score is 13 of 29
Answer Stats
2012/2013 club 2013/2014 club Nationality Name % Correct
Real Madrid Real Madrid French Karim Benzema
84%
Liverpool FC Liverpool FC Uruguayan Luis Suarez
77%
Manchester United Manchester United Portuguese Nani
69%
Real Madrid SSC Napoli Argentinean Gonzalo Higuain
68%
Everton FC Manchester United Belgian Marouane Fellaini
68%
Borussia Dortmund FC Bayern Munich German Mario Gotze
67%
Real Madrid Real Madrid Argentinean Angel Di Maria
64%
AS Roma Tottenham Hotspur Argentinean Erik Lamela
62%
ACF Fiorentina Manchester City Montenegrin Stevan Jovetić
60%
Manchester City Everton FC English Gareth Barry
59%
Newcastle United Newcastle United French Yohan Cabaye
55%
Manchester United Manchester United English Wayne Rooney
52%
Chelsea London Chelsea London Senegalese Demba Ba
49%
Swansea City Swansea City Welsh Ashley Williams
46%
Schalke 04 Schalke 04 German Julian Draxler
46%
FC Barcelona Atletico Madrid Spanish David Villa
45%
FC Bayern Munich VfL Wolfsburg Brazilian Luis Gustavo
44%
Queens Park Rangers Queens Park Rangers Brazilian Julio Cesar
43%
Atletico Mineiro Shakhtar Donetsk Brazilian Bernard
40%
FC Barcelona FC Barcelona Spanish Cesc Fabregas
40%
Toulouse FC Tottenham Hotspur French Etienne Capoue
38%
Real Madrid Real Madrid Spanish Iker Casillas
35%
Bayer Leverkusen Bayer Leverkusen German Lars Bender
35%
Manchester City Manchester City English Micah Richards
31%
AC Milan AC Milan Italian Ignazio Abate
20%
Olympique Lyonnais Olympique Lyonnais French Clement Grenier
13%
FC Basel Dynamo Kyiv Austrian Aleksandar Dragović
10%
Lille OSC Olympique de Marseille French Florian Thauvin
9%
Atletico Nacional Atletico Nacional Colombian Sebastian Perez
3%
No matching quizzes found
Score Distribution
Percent of People with Each Score
Percentile by Number Answered
Your Score History
You have not taken this quiz